|
|
|
|
| LEADER |
00000nab a2200000 ar4500 |
| 001 |
vtls008628423 |
| 003 |
SK-MaSNL |
| 005 |
20260304000802.0 |
| 008 |
060306c2005 xo mr|p|||||||000 b|slo |
| 015 |
|
|
|a SNBRB2006/03
|2 snkbucl
|
| 038 |
|
|
|a SNKBUCL
|
| 040 |
|
|
|a SNKBUCL
|b slo
|c SNKBUCL
|e AACR2
|
| 041 |
0 |
|
|a slo
|
| 044 |
|
|
|a xo
|c SK
|
| 080 |
|
|
|a 82:929:821.112.2 (494)
|2 1997
|
| 080 |
|
|
|a 821.112.2 (494):929
|2 1997
|
| 080 |
|
|
|a 929 Brežná, Irena
|2 1997
|
| 100 |
1 |
|
|a Tomáš, Radoslav,
|d 1982-
|4 ivr
|9 103541
|
| 245 |
1 |
0 |
|a Život pre mňa nie je uzavretý
|b hovorí švajčiarska prozaička ... Irena Brežná
|c zhováral sa Radoslav Tomáš
|
| 300 |
|
|
|b Fotogr.
|
| 600 |
1 |
7 |
|a Brežná, Irena,
|d 1950-
|2 snkbucl
|9 106560
|
| 655 |
|
7 |
|a rozhovory
|2 snkbucl
|9 31831
|
| 700 |
1 |
|
|a Brežná, Irena,
|d 1950-
|4 ive
|9 106560
|
| 773 |
0 |
|
|t Knižná revue
|g Roč. XV, č. 26 (2005), s. 7
|x 1210-1982
|
| 852 |
|
|
|a SNK
|b KIS3GCP
|
| 958 |
|
|
|a LX
|
| 958 |
|
|
|a CH
|
| 958 |
|
|
|a BC
|
| 999 |
|
|
|c 2533021
|d 2534951
|